000 00342nam a2200169Ia 4500
003 IT-RoPAU
008 120407s9999 xx 000 0 und d
040 _aIT-RoPAU
040 _cIT-RoPAU
100 _aEric Fromm
245 _aAvere o essere?
250 _aMilano
260 _aMondadori
300 _c cm
490 _v1
942 _cBK
999 _c8449
_d8449